Математика: учебное пособие; для студентов института геологии и нефтегазового дела; Ч. 1

Bibliographische Detailangaben
Weitere Verfasser: Рожкова В. И. Валентина Ивановна, Рожкова С. В. Светлана Владимировна, Ефремова О. Н. Оксана Николаевна, Молдованова Е. А. Евгения Александровна, Матвеенко Г. М., Никольская Г. А.
Zusammenfassung:В фонде НТБ ТПУ отсутствует
Sprache:Russisch
Veröffentlicht: Томск, Изд-во ТПУ, 2008
Schlagworte:
Format: Buch
KOHA link:https://koha.lib.tpu.ru/cgi-bin/koha/opac-detail.pl?biblionumber=601015

MARC

LEADER 00000nam0a2200000 4500
001 601015
005 20250716163343.0
035 |a (RuTPU)RU\TPU\tpu\25673 
035 |a RU\TPU\tpu\25672 
090 |a 601015 
100 |a 20140913d2008 k y0rusy50 ca 
101 0 |a rus 
102 |a RU 
200 1 |a Математика  |e учебное пособие  |e для студентов института геологии и нефтегазового дела  |f В. И. Рожкова [и др.]  |h Ч. 1 
210 |a Томск  |c Изд-во ТПУ  |d 2008 
215 |a 48 с. 
333 |a В фонде НТБ ТПУ отсутствует 
610 1 |a труды учёных ТПУ 
701 1 |a Рожкова  |b В. И.  |c математик  |c доцент Томского политехнического университета  |f 1940-  |g Валентина Ивановна  |3 (RuTPU)RU\TPU\pers\31122 
701 1 |a Рожкова  |b С. В.  |c математик  |c профессор Томского политехнического университета, доктор физико-математических наук  |f 1971-  |g Светлана Владимировна  |3 (RuTPU)RU\TPU\pers\25740  |9 11642 
701 1 |a Ефремова  |b О. Н.  |c математик  |c доцент Томского политехнического университета, кандидат наук  |f 1965-  |g Оксана Николаевна  |3 (RuTPU)RU\TPU\pers\26750  |9 12393 
701 1 |a Молдованова  |b Е. А.  |c математик  |c старший преподаватель Томского политехнического университета  |f 1968-  |g Евгения Александровна  |3 (RuTPU)RU\TPU\pers\29439  |9 13992 
701 1 |a Матвеенко  |b Г. М. 
701 1 |a Никольская  |b Г. А. 
801 1 |a RU  |b 63413507  |c 20120913 
801 2 |a RU  |b 63413507  |c 20140913  |g RCR 
850 |a 63413507 
942 |c BK